000 00711 a2200229 4500
003 IN-BaIIA
005 20260608111412.0
008 260608b |||||||| |||| 00| 0 eng d
020 _a978-3-031-86784-2
040 _cIIA Library
080 _a537.8
_bCAD
100 _aCadiz fabian
_949428
245 _aClassical electrodynamics
_b fundamentals and applications
_cFabian Cadiz and Arnaud Couairon
260 _aSwitzerland
_bSpringer
_c2025
300 _axxiv, 1168p.
490 _aUndergraduate texts in physics
650 _aCoulomb's theorem
_949442
650 _aelectrostatic energy
_949443
650 _aCarendish's experiment
_949444
700 _aCouairon, Arnaud
_949445
942 _2udc
_cBK
999 _c36193
_d36193